Hooligans ro Rebels an oral History of working-class childhood and youth 1889-1939 (Record no. 41318)

MARC details
000 -LEADER
fixed length control field 00379nam a2200133Ia 4500
008 - FIXED-LENGTH DATA ELEMENTS--GENERAL INFORMATION
fixed length control field 230917s9999||||xx |||||||||||||| ||und||
040 ## - CATALOGING SOURCE
-- 141067
Original cataloging agency VIVEKANANDA LIBRARY
041 ## - Language
-- English
082 ## - DDC NUMBER
Classification number 942.82 H884H
245 #0 - TITLE STATEMENT
Title Hooligans ro Rebels an oral History of working-class childhood and youth 1889-1939
260 ## - PUBLICATION, DISTRIBUTION, ETC. (IMPRINT)
Place of publication, distribution, etc Oxford
Name of publisher, distributor, etc Basil blackwell
Date of publication, distribution, etc 1981
300 ## - PHYSICAL DESCRIPTION
Pages 279p. p.
942 ## - ADDED ENTRY ELEMENTS (KOHA)
Koha item type Books
Holdings
Withdrawn status Lost status Damaged status Not for loan Location (home branch) Sublocation or collection (holding branch) Date acquired Koha issues (times borrowed) Koha full call number Accession No. Koha date last seen Koha item type
        VIVEKANANDA LIBRARY VIVEKANANDA LIBRARY 26/02/2010   942.82 H884H 107392 17/09/2023 Books
© Designed and Maintained by Vivekananda Library, MDU Rohtak